[Event "LSS CP-2009-P-00070"]
[Site "LSS email"]
[Date "2009.09.27"]
[Round "?"]
[White "Yukman, Tham"]
[Black "Kopasov, Evgeny Aleksandrovi"]
[Result "1/2-1/2"]
[WhiteElo "2034"]
[BlackElo "2252"]
[PlyCount "76"]
[EventDate "2009.10.01"]
[EventType "tourn (corr)"]
[EventRounds "6"]
[EventCountry "GER"]
[SourceTitle "Corr 2013"]
[Source "ChessBase"]
[SourceDate "2012.11.12"]
[SourceVersion "1"]
[SourceVersionDate "2012.11.12"]
[SourceQuality "1"]
[WhiteTeam "US of America"]
[BlackTeam "US of America"]
[WhiteTeamCountry "USA"]
[BlackTeamCountry "USA"]

1. Nf3 d5 2. g3 Nf6 3. Bg2 g6 4. 0-0 Bg7 5. d3 0-0 6. Nbd2 Nc6 7. e4 e5 8. c3 a5 9. Re1 h6 10. exd5 Nxd5 11. a4 Re8 12. Nb3 b6 13. d4 e4 14. Ne5 Nxe5 15. dxe5 Bb7 16. Bxe4 Rxe5 17. Bf4 Rxe4 18. Rxe4 g5 19. Be5 Nxc3 20. Qxd8+ Rxd8 21. Bxc7 Rc8 22. Ree1 Rxc7 23. bxc3 Rxc3 24. Rab1 Bc6 25. Nc1 Bxa4 26. Rxb6 Bc2 27. Ra6 Rc8 28. Na2 a4 29. Nb4 Bb3 30. Nc6 Kh7 31. Ne5 Re8 32. f4 Bf8 33. Rc1 a3 34. Ng4 Rd8 35. f5 Kg7 36. Nf6 Rd1+ 37. Rxd1 Bxd1 38. Ne8+ Kh7 1/2-1/2

[Event "LSS CP-2009-P-00070"]
[Site "LSS email"]
[Date "2009.09.27"]
[Round "?"]
[White "Yukman, Tham"]
[Black "Niewold, Jaap"]
[Result "1-0"]
[WhiteElo "2027"]
[BlackElo "1653"]
[PlyCount "59"]
[EventDate "2009.10.01"]
[EventType "tourn (corr)"]
[EventRounds "6"]
[EventCountry "GER"]
[SourceTitle "Telechess CBM 137"]
[Source "ChessBase"]
[SourceDate "2010.07.15"]
[SourceVersion "1"]
[SourceVersionDate "2010.07.15"]
[SourceQuality "1"]

1. e4 c5 2. Nf3 d6 3. d4 cxd4 4. Nxd4 Nf6 5. Nc3 a6 6. Rg1 g6 7. g4 Bg7 8. g5 Nfd7 9. h4 0-0 10. Be3 Nc6 11. h5 Nxd4 12. Bxd4 Be5 13. Be2 Bxd4 14. Qxd4 Qb6 15. 0-0-0 Qxd4 16. Rxd4 Ne5 17. f4 Nc6 18. Rdd1 Be6 19. Rgf1 b5 20. f5 Bc4 21. Bxc4 bxc4 22. f6 gxh5 23. Rh1 exf6 24. gxf6 Ne5 25. Rxh5 Rfd8 26. Nd5 Rab8 27. Ne7+ Kf8 28. Rxh7 Ke8 29. Nf5 Rb6 30. Rh8+ 1-0

[Event "LSS SH-2007-0-00163"]
[Site "LSS email"]
[Date "2007.12.29"]
[Round "?"]
[White "Tyutyunnik, Roman"]
[Black "Yukman, Tham"]
[Result "1/2-1/2"]
[WhiteElo "2071"]
[BlackElo "2059"]
[PlyCount "88"]
[EventDate "2007.12.22"]
[EventType "tourn (corr)"]
[EventRounds "6"]
[EventCountry "GER"]
[SourceTitle "Corr 2011"]
[Source "ChessBase"]
[SourceDate "2010.08.31"]
[SourceVersion "1"]
[SourceVersionDate "2010.08.31"]
[SourceQuality "1"]

1. e4 c5 2. Nf3 d6 3. d4 cxd4 4. Nxd4 Nf6 5. Nc3 a6 6. Be3 e5 7. Nb3 Be6 8. f3 Be7 9. Qd2 h5 10. Be2 Nbd7 11. Nd5 Nxd5 12. exd5 Bf5 13. 0-0 h4 14. f4 Bh7 15. Rac1 0-0 16. Qb4 Qc7 17. Qa5 b6 18. Qb4 Rfe8 19. f5 Nf6 20. Qxh4 Nxd5 21. Bg5 Qa7 22. Bxe7 b5+ 23. Rf2 Rxe7 24. Bf3 e4 25. Bxe4 Rae8 26. Nd2 Ne3 27. g4 Qb6 28. Bf3 d5 29. c3 Re5 30. Nb3 a5 31. f6 Nc2 32. fxg7 Ne1 33. Nd4 Nd3 34. Rcf1 Nxf2 35. Qxf2 R8e7 36. a3 Bd3 37. Rd1 Qg6 38. h4 Be4 39. Kh2 Bxf3 40. Qxf3 Re8 41. Nf5 Re2+ 42. Kh3 Qb6 43. Rd4 Rxb2 44. g5 Qe6 1/2-1/2

[Event "IECG TE.2006.P.02122 email"]
[Site "IECG email"]
[Date "2006.03.17"]
[Round "?"]
[White "Yukman, Tham"]
[Black "Barros Uriburu, Nicolas"]
[Result "1-0"]
[WhiteElo "2142"]
[BlackElo "1300"]
[PlyCount "27"]
[EventDate "2006.03.17"]
[EventType "tourn (corr)"]
[EventRounds "12"]
[SourceTitle "Corr 2024"]
[Source "ChessBase"]
[SourceDate "2023.10.19"]
[SourceVersion "1"]
[SourceVersionDate "2023.10.19"]
[SourceQuality "1"]

1. e4 c5 2. f4 Nc6 3. Nf3 d5 4. exd5 Qxd5 5. Nc3 Qd8 6. Bb5 Bd7 7. 0-0 Nf6 8. Ne5 Nxe5 9. fxe5 Bxb5 10. Nxb5 Nd5 11. Qf3 c4 12. Qxf7+ Kd7 13. Qxd5+ Ke8 14. Nd6+ 1-0

[Event "IECG CP-2005-P-00134"]
[Site "IECG email"]
[Date "2005.10.01"]
[Round "?"]
[White "Hacker, Scott"]
[Black "Yukman, Tham"]
[Result "0-1"]
[WhiteElo "563"]
[BlackElo "2141"]
[PlyCount "30"]
[EventDate "2005.??.??"]
[EventType "tourn (corr)"]
[EventRounds "6"]
[SourceTitle "Corr 2024"]
[Source "ChessBase"]
[SourceDate "2023.10.19"]
[SourceVersion "1"]
[SourceVersionDate "2023.10.19"]
[SourceQuality "1"]

1. e4 e5 2. Nf3 Nc6 3. c3 Nf6 4. Bd3 d5 5. exd5 Qxd5 6. Be2 e4 7. Nh4 g5 8. c4 Qd4 9. 0-0 gxh4 10. Nc3 Rg8 11. Nb5 Qd8 12. Qc2 Bh3 13. f4 Bc5+ 14. d4 exd3+ 15. Kh1 Bxg2# 0-1